[Event "I Memorial Oliver Gonzalez Somoza"]
[Site "Madrid ESP"]
[Date "2010.10.14"]
[Round "6.53"]
[White "Panero Cabero, Gregorio"]
[Black "Calderon Rojo, Daniel"]
[Result "1/2-1/2"]
[WhiteElo "1936"]
[BlackElo "1743"]
[PlyCount "75"]
[EventDate "2010.10.09"]
[EventType "swiss"]
[EventRounds "9"]
[EventCountry "ESP"]
[Source "lmi"]
[SourceDate "2010.10.09"]

1. f4 c5 2. Nf3 d6 3. b3 Nf6 4. e3 g6 5. Bb2 Bg7 6. Be2 Nc6 7. O-O O-O 8. a3 a6
9. h3 b5 10. d3 Nd5 11. Bxg7 Nxe3 12. Qc1 Nxf1 13. Bxf8 Ng3 14. Bd1 Kxf8 15.
Kf2 Nf5 16. c3 d5 17. g4 Nd6 18. f5 Kg7 19. fxg6 fxg6 20. Qe3 c4 21. bxc4 dxc4
22. d4 Qf8 23. Kg3 Qf6 24. Nbd2 Bd7 25. Bc2 h5 26. Rf1 hxg4 27. hxg4 Qe6 28.
Qxe6 Bxe6 29. g5 Rf8 30. Nh4 Nf5+ 31. Bxf5 Bxf5 32. Ndf3 e6 33. Re1 Kf7 34.
Ne5+ Nxe5 35. Rxe5 Re8 36. Ng2 Rb8 37. Rc5 a5 38. Ne3 1/2-1/2

[Event "I Memorial Oliver Gonzalez Somoza"]
[Site "Madrid ESP"]
[Date "2010.10.14"]
[Round "6.54"]
[White "Calderon Martin, Antonio"]
[Black "Rodriguez Bachiller, Luis"]
[Result "1/2-1/2"]
[WhiteElo "1745"]
[BlackElo "1903"]
[PlyCount "70"]
[EventDate "2010.10.09"]
[EventType "swiss"]
[EventRounds "9"]
[EventCountry "ESP"]
[Source "lmi"]
[SourceDate "2010.10.09"]

1. e4 c5 2. Nf3 d6 3. c3 Nf6 4. h3 Nc6 5. Bd3 e5 6. Bc2 Be7 7. O-O O-O 8. d4
cxd4 9. cxd4 Qb6 10. d5 Nb4 11. Nc3 Nxc2 12. Qxc2 Bd7 13. Be3 Qc7 14. Rac1 Rfc8
15. Qe2 Qd8 16. Nh2 Ne8 17. f4 exf4 18. Bxf4 Bg5 19. Kh1 Bxf4 20. Rxf4 f6 21.
Rcf1 a6 22. Qh5 Qe7 23. Rh4 g6 24. Qh6 Qg7 25. Qxg7+ Kxg7 26. Rhf4 b5 27. Ng4
g5 28. R4f2 Bxg4 29. hxg4 b4 30. Na4 Rab8 31. b3 Rc7 32. Nb2 a5 33. Rf3 Re7 34.
Re3 Ra8 35. Kg1 Rea7 1/2-1/2

[Event "I Memorial Oliver Gonzalez Somoza"]
[Site "Madrid ESP"]
[Date "2010.10.14"]
[Round "6.55"]
[White "Valderrama Arroyo, Victor"]
[Black "Martinez Martinez, Antonio"]
[Result "0-1"]
[WhiteElo "1886"]
[BlackElo "1695"]
[PlyCount "84"]
[EventDate "2010.10.09"]
[EventType "swiss"]
[EventRounds "9"]
[EventCountry "ESP"]
[Source "lmi"]
[SourceDate "2010.10.09"]

1. d4 g6 2. c4 d6 3. Nf3 Bg7 4. Nc3 c6 5. e4 Bg4 6. Be2 Bxf3 7. Bxf3 Qb6 8. d5
Qb4 9. Qd3 Nd7 10. dxc6 Ne5 11. Qc2 bxc6 12. Be2 Nxc4 13. a3 Bxc3+ 14. bxc3 Qc5
15. Qa4 Nb6 16. Qb4 Qe5 17. f4 Qe6 18. O-O Nf6 19. Bf3 O-O 20. f5 Qc4 21. Bg5
Kg7 22. Bxf6+ Kxf6 23. fxg6 Kxg6 24. e5 Qxb4 25. cxb4 d5 26. Be2 Nd7 27. Bd3+
f5 28. exf6+ Kh6 29. fxe7 Rxf1+ 30. Rxf1 Kg7 31. Ba6 Re8 32. Re1 Kf6 33. Bb7
Ne5 34. Rc1 Rxe7 35. Bxc6 Rc7 36. Rf1+ Ke6 37. Be8 d4 38. Rd1 Kd5 39. Kf2 Rc2+
40. Kf1 Kc4 41. Re1 Nd3 42. Re7 Rc1+ 0-1

[Event "I Memorial Oliver Gonzalez Somoza"]
[Site "Madrid ESP"]
[Date "2010.10.14"]
[Round "6.57"]
[White "Hernandez Mateo, Borja"]
[Black "Garcia Serrano, Jose Manuel"]
[Result "0-1"]
[WhiteElo "1617"]
[BlackElo "1926"]
[PlyCount "42"]
[EventDate "2010.10.09"]
[EventType "swiss"]
[EventRounds "9"]
[EventCountry "ESP"]
[Source "lmi"]
[SourceDate "2010.10.09"]

1. e4 e5 2. Nf3 Nc6 3. Bb5 a6 4. Bxc6 dxc6 5. O-O Bg4 6. h3 h5 7. Nc3 Qf6 8. d3
Bd6 9. Be3 Ne7 10. Nb1 g5 11. Nbd2 Qg7 12. Qe1 Bxf3 13. Nxf3 g4 14. Nh4 O-O-O
15. hxg4 hxg4 16. g3 Ng6 17. Nf5 Qh7 18. Nh6 Nf4 19. Bxf4 exf4 20. Kg2 f3+ 21.
Kg1 Qxh6 0-1

[Event "I Memorial Oliver Gonzalez Somoza"]
[Site "Madrid ESP"]
[Date "2010.10.14"]
[Round "6.58"]
[White "Sanchez Lopez, Maria"]
[Black "Lozano Sanchez, Jose Antonio"]
[Result "0-1"]
[WhiteElo "1574"]
[BlackElo "1914"]
[PlyCount "70"]
[EventDate "2010.10.09"]
[EventType "swiss"]
[EventRounds "9"]
[EventCountry "ESP"]
[Source "lmi"]
[SourceDate "2010.10.09"]

1. c4 e5 2. g3 Nc6 3. Bg2 Bc5 4. Nc3 Nf6 5. d3 d6 6. Bg5 Bxf2+ 7. Kf1 h6 8.
Bxf6 Qxf6 9. Ne4 Qg6 10. Nxf2 O-O 11. Nf3 f5 12. Nh4 Qf6 13. Bd5+ Kh8 14. Kg2
g5 15. Nf3 Ne7 16. Rf1 c6 17. Be4 d5 18. cxd5 cxd5 19. Bxd5 Nxd5 20. Qb3 Ne3+
21. Kh1 Nxf1 22. Rxf1 b6 23. Qd5 Rb8 24. Qxe5 Bb7 25. Qxf6+ Rxf6 26. Kg1 Bxf3
27. exf3 Re6 28. Rc1 Rbe8 29. Rc7 R8e7 30. Rc4 Re1+ 31. Kg2 R1e2 32. Rb4 Rc2
33. Rc4 Rxc4 34. dxc4 Re2 35. b4 Rxa2 0-1

[Event "I Memorial Oliver Gonzalez Somoza"]
[Site "Madrid ESP"]
[Date "2010.10.14"]
[Round "6.59"]
[White "Sanchez Lopez, Pedro"]
[Black "Suarez Prieto, Leopoldo"]
[Result "1-0"]
[WhiteElo "1474"]
[BlackElo "1815"]
[PlyCount "41"]
[EventDate "2010.10.09"]
[EventType "swiss"]
[EventRounds "9"]
[EventCountry "ESP"]
[Source "lmi"]
[SourceDate "2010.10.09"]

1. Nf3 Nc6 2. d4 d5 3. c4 Nf6 4. Nc3 e6 5. Bg5 Be7 6. e3 a6 7. a3 O-O 8. Qc2 b6
9. cxd5 exd5 10. Bd3 g6 11. Bh6 Re8 12. h3 Bb7 13. O-O Bd6 14. Bg5 Be7 15. Rac1
Ne4 16. Nxe4 dxe4 17. Bxe4 Bxg5 18. Bxc6 Bxc6 19. Qxc6 Bh6 20. Qxc7 Qd5 21. Qc6
1-0

[Event "I Memorial Oliver Gonzalez Somoza"]
[Site "Madrid ESP"]
[Date "2010.10.14"]
[Round "6.64"]
[White "Ojosnegros Martin, Angel"]
[Black "Garcia-Ines Sanchez, Gustavo"]
[Result "1-0"]
[WhiteElo "1384"]
[BlackElo "1685"]
[PlyCount "67"]
[EventDate "2010.10.09"]
[EventType "swiss"]
[EventRounds "9"]
[EventCountry "ESP"]
[Source "lmi"]
[SourceDate "2010.10.09"]

1. d4 Nf6 2. e3 g6 3. Nf3 Bg7 4. Bd3 d6 5. O-O O-O 6. Nbd2 Nc6 7. b3 Nb4 8. Be2
a5 9. Bb2 d5 10. a3 Nc6 11. Bd3 Re8 12. Bb5 Bd7 13. Rc1 Nb8 14. Bxd7 Nbxd7 15.
c4 e6 16. Rc2 c6 17. Qe2 Nh5 18. Qd1 f5 19. cxd5 exd5 20. Bc3 f4 21. Re1 fxe3
22. Rxe3 Qc7 23. Nb1 Rxe3 24. fxe3 Ndf6 25. Ne5 Ne4 26. Bb2 Rf8 27. Nd2 Bh6 28.
Ng4 Bg5 29. Nxe4 dxe4 30. d5 Qb6 31. Qd4 Qxd4 32. Bxd4 cxd5 33. h4 Bxh4 34.
Nh6# 1-0

[Event "I Memorial Oliver Gonzalez Somoza"]
[Site "Madrid ESP"]
[Date "2010.10.15"]
[Round "7.2"]
[White "Vazquez Igarza, Renier"]
[Black "Fedorchuk, Sergey A"]
[Result "0-1"]
[WhiteElo "2535"]
[BlackElo "2671"]
[PlyCount "110"]
[EventDate "2010.10.09"]
[EventType "swiss"]
[EventRounds "9"]
[EventCountry "ESP"]
[Source "lmi"]
[SourceDate "2010.10.09"]

1. Nf3 Nf6 2. c4 e6 3. Nc3 Bb4 4. Qc2 c5 5. a3 Ba5 6. g3 Nc6 7. Bg2 O-O 8. O-O
h6 9. d3 d6 10. Rb1 e5 11. b4 cxb4 12. Na2 bxa3 13. Bxa3 Re8 14. Nc3 Bg4 15. e3
Bxc3 16. Qxc3 Qd7 17. Rfc1 Rac8 18. Nd2 b6 19. Qb2 Na5 20. Ra1 Nb7 21. Qb5 Qc7
22. Qa6 Na5 23. Bb4 Nc6 24. Rcb1 Nd7 25. Ne4 Nc5 26. Qa3 Bf5 27. Bxc5 dxc5 28.
Nc3 Qd7 29. Nd5 e4 30. dxe4 Bxe4 31. Bxe4 Rxe4 32. Qd3 Qg4 33. Kg2 Ne5 34. Qd1
Qxd1 35. Rxd1 Nc6 36. Ra4 f5 37. Nc3 Re7 38. h4 Rd8 39. Nd5 Re6 40. h5 Kf7 41.
Rda1 Rd7 42. Rb1 Ne5 43. Rba1 Nc6 44. Rb1 Re4 45. Nc3 Re6 46. Nd5 Red6 47. Rba1
Ke8 48. g4 fxg4 49. Kg3 Rf7 50. Nf4 Rd2 51. R4a2 Rxa2 52. Rxa2 Ne5 53. Rd2 Nxc4
54. Rd5 a5 55. Ne6 a4 0-1

[Event "I Memorial Oliver Gonzalez Somoza"]
[Site "Madrid ESP"]
[Date "2010.10.15"]
[Round "7.4"]
[White "Almeida Quintana, Omar"]
[Black "Herraiz Hidalgo, Herminio"]
[Result "1-0"]
[WhiteElo "2559"]
[BlackElo "2480"]
[PlyCount "61"]
[EventDate "2010.10.09"]
[EventType "swiss"]
[EventRounds "9"]
[EventCountry "ESP"]
[Source "lmi"]
[SourceDate "2010.10.09"]

1. d4 Nf6 2. c4 g6 3. Nc3 Bg7 4. e4 d6 5. f3 O-O 6. Bg5 c5 7. d5 e6 8. Qd2 h6
9. Be3 exd5 10. cxd5 Nbd7 11. Nh3 Ne5 12. Nf2 h5 13. Be2 a6 14. a4 Nh7 15. O-O
f5 16. f4 Ng4 17. Nxg4 hxg4 18. e5 dxe5 19. Bxc5 exf4 20. Qxf4 Bd7 21. Bxf8
Bxf8 22. d6 Qb6+ 23. Kh1 Nf6 24. Qg5 Bg7 25. Bc4+ Kh8 26. Qxg6 Qxb2 27. Nd5 Bc6
28. Qxf5 Rf8 29. Nf4 Bh6 30. Ra2 Qd4 31. Ng6+ 1-0

[Event "I Memorial Oliver Gonzalez Somoza"]
[Site "Madrid ESP"]
[Date "2010.10.15"]
[Round "7.4"]
[White "Lariño Nieto, David"]
[Black "Gemy, Jose Daniel"]
[Result "1-0"]
[WhiteElo "2451"]
[BlackElo "2325"]
[PlyCount "109"]
[EventDate "2010.10.09"]
[EventType "swiss"]
[EventRounds "9"]
[EventCountry "ESP"]
[Source "lmi"]
[SourceDate "2010.10.09"]

1. e4 e6 2. d3 d5 3. Nd2 g6 4. b3 Bg7 5. Rb1 b5 6. Ngf3 Nd7 7. exd5 exd5 8. d4
b4 9. Bb5 Ne7 10. Ne5 O-O 11. Ndf3 Rb8 12. Bxd7 Bxd7 13. O-O Nf5 14. Re1 Nd6
15. Bd2 Ne4 16. Rc1 Re8 17. c4 c6 18. h3 a5 19. c5 f6 20. Nd3 Rb7 21. Ra1 g5
22. a3 bxa3 23. Rxa3 Rb5 24. Qa1 Qb8 25. Qa2 Nxd2 26. Rxe8+ Bxe8 27. Nxd2 Bg6
28. Ne1 f5 29. Ra4 Qe8 30. Kf1 Rb4 31. Nc2 Rxa4 32. Qxa4 f4 33. Ne1 h5 34. Ndf3
g4 35. hxg4 hxg4 36. Ne5 Bxe5 37. dxe5 Qxe5 38. Qxc6 Bf5 39. Qa8+ Kg7 40. Qxa5
d4 41. Qd2 Qxc5 42. Qxf4 Kg6 43. Qg3 Qb5+ 44. Kg1 Qe2 45. Nf3 Qd1+ 46. Kh2 d3
47. Nh4+ Kg5 48. Qe3+ Kf6 49. Qd4+ Ke6 50. Qb6+ Kf7 51. Nxf5 d2 52. Ne3 Qe2 53.
Qb7+ Kf8 54. Qd5 Kg7 55. Kg3 1-0

[Event "I Memorial Oliver Gonzalez Somoza"]
[Site "Madrid ESP"]
[Date "2010.10.15"]
[Round "7.7"]
[White "Rubio Mejia, Luis Ignacio"]
[Black "Recuero Guerra, David"]
[Result "1/2-1/2"]
[WhiteElo "2373"]
[BlackElo "2457"]
[PlyCount "40"]
[EventDate "2010.10.09"]
[EventType "swiss"]
[EventRounds "9"]
[EventCountry "ESP"]
[Source "lmi"]
[SourceDate "2010.10.09"]

1. d4 Nf6 2. c4 e6 3. Nc3 Bb4 4. Bg5 c5 5. d5 Bxc3+ 6. bxc3 d6 7. e3 Qe7 8. Nf3
e5 9. Nd2 h6 10. Bh4 g5 11. Bg3 Bf5 12. Be2 Nbd7 13. a4 O-O-O 14. f3 h5 15. h4
Rhg8 16. e4 Bh7 17. hxg5 Rxg5 18. Bh4 Rg7 19. Bf1 Rdg8 20. g3 Rxg3 1/2-1/2

[Event "I Memorial Oliver Gonzalez Somoza"]
[Site "Madrid ESP"]
[Date "2010.10.15"]
[Round "7.9"]
[White "Alcazar Jimenez, Jesus Alberto"]
[Black "Almagro Llamas, Pablo"]
[Result "0-1"]
[WhiteElo "2289"]
[BlackElo "2451"]
[PlyCount "102"]
[EventDate "2010.10.09"]
[EventType "swiss"]
[EventRounds "9"]
[EventCountry "ESP"]
[Source "lmi"]
[SourceDate "2010.10.09"]

1. e4 c6 2. d4 d5 3. f3 Qb6 4. Nc3 dxe4 5. Nxe4 Bf5 6. a4 Nd7 7. a5 Qc7 8. Bd3
e5 9. Ne2 a6 10. Be3 Bxe4 11. Bxe4 Ngf6 12. Bf5 Bb4+ 13. Bd2 Bd6 14. dxe5 Nxe5
15. Ra4 O-O 16. O-O Rfe8 17. Rh4 Rad8 18. Qe1 Ng6 19. Rc4 Bxh2+ 20. Kh1 Qe5 21.
Bxg6 hxg6 22. Bc3 Qxe2 23. Qxe2 Rxe2 24. Kxh2 Nd5 25. Bd4 Nf4 26. Rf2 Rxd4 27.
Rxd4 Rxf2 28. Rxf4 Rxc2 29. Rb4 Rc5 30. Rxb7 Rxa5 31. Rb8+ Kh7 32. b4 Rb5 33.
Rc8 Rb6 34. Kg3 g5 35. Kf2 Kg6 36. Rc7 f6 37. Ke3 Kf5 38. Rc8 g4 39. Rc7 g5 40.
Rc8 g3 41. Rc7 Rxb4 42. Rxc6 Rb3+ 43. Kd4 Ra3 44. Rc5+ Kf4 45. Rc6 f5 46. Rc2
a5 47. Kd5 g4 48. fxg4 Kxg4 49. Rc4+ f4 50. Ke5 Re3+ 51. Kf6 Re2 0-1

[Event "I Memorial Oliver Gonzalez Somoza"]
[Site "Madrid ESP"]
[Date "2010.10.15"]
[Round "7.11"]
[White "Paunovic, Dragan"]
[Black "Martinez Rodriguez, Pablo"]
[Result "1-0"]
[WhiteElo "2559"]
[BlackElo "2239"]
[PlyCount "99"]
[EventDate "2010.10.09"]
[EventType "swiss"]
[EventRounds "9"]
[EventCountry "ESP"]
[Source "lmi"]
[SourceDate "2010.10.09"]

1. c4 e6 2. g3 d5 3. Bg2 dxc4 4. Qa4+ c6 5. Qxc4 b5 6. Qc2 Bb7 7. Nf3 Nd7 8.
O-O c5 9. d3 Ngf6 10. a4 a6 11. Bg5 Be7 12. axb5 axb5 13. Rxa8 Qxa8 14. Na3 b4
15. Nc4 h6 16. Bxf6 Nxf6 17. Rc1 O-O 18. Qd1 Rd8 19. Ra1 Qb8 20. Qa4 Nd7 21.
Nfd2 Bxg2 22. Kxg2 Nb6 23. Qa7 Nxc4 24. Nxc4 Qxa7 25. Rxa7 Bf6 26. Kf1 Rd5 27.
Rc7 g5 28. g4 Kg7 29. h3 Bd8 30. Rc6 Be7 31. Ke1 Rd8 32. Ra6 Rh8 33. Ra7 Bf6
34. Rc7 Ra8 35. Kd2 Ra1 36. Rxc5 Bd4 37. Ra5 Bxb2 38. Rxa1 Bxa1 39. Kc2 f5 40.
Kb3 Bc3 41. Ne3 Kf6 42. gxf5 exf5 43. Nd5+ Ke5 44. Nxc3 bxc3 45. Kxc3 h5 46.
Kd2 h4 47. Ke1 g4 48. e3 Ke6 49. Kf1 Ke5 50. Kg2 1-0

[Event "I Memorial Oliver Gonzalez Somoza"]
[Site "Madrid ESP"]
[Date "2010.10.15"]
[Round "7.12"]
[White "Vila Gazquez, Xavier"]
[Black "Castaño, Henry Augusto"]
[Result "1-0"]
[WhiteElo "2478"]
[BlackElo "2205"]
[PlyCount "79"]
[EventDate "2010.10.09"]
[EventType "swiss"]
[EventRounds "9"]
[EventCountry "ESP"]
[Source "lmi"]
[SourceDate "2010.10.09"]

1. e4 d6 2. d4 Nf6 3. Nc3 g6 4. Bg5 h6 5. Bxf6 exf6 6. Bd3 c6 7. Qd2 b5 8. f4
h5 9. O-O-O Nd7 10. d5 b4 11. dxc6 bxc3 12. cxd7+ Bxd7 13. Qxc3 Bh6 14. Ne2 O-O
15. Kb1 f5 16. exf5 Bg7 17. Qa3 Rb8 18. c3 Rb6 19. Nd4 Qc7 20. fxg6 fxg6 21.
Bxg6 Rfb8 22. Nb3 Be6 23. Qa5 Qb7 24. Bc2 Ra6 25. Qb4 Qxb4 26. cxb4 Rxb4 27.
Rhe1 Bg4 28. Rd5 Rxf4 29. h3 Bd7 30. Rxh5 Rf2 31. Rg5 Kf8 32. Rg3 Rc6 33. Rf3+
Rxf3 34. gxf3 Bxh3 35. Be4 Rb6 36. Bg6 Be5 37. Bc2 Kg7 38. Rh1 Be6 39. Rh7+ Kf6
40. Rxa7 1-0

[Event "I Memorial Oliver Gonzalez Somoza"]
[Site "Madrid ESP"]
[Date "2010.10.15"]
[Round "7.13"]
[White "Barria Zuñiga, Daniel"]
[Black "Ballesteros Gonzalez, David"]
[Result "1-0"]
[WhiteElo "2419"]
[BlackElo "2196"]
[PlyCount "73"]
[EventDate "2010.10.09"]
[EventType "swiss"]
[EventRounds "9"]
[EventCountry "ESP"]
[Source "lmi"]
[SourceDate "2010.10.09"]

1. d4 d5 2. c4 c6 3. Nf3 Nf6 4. Nc3 dxc4 5. e3 b5 6. a4 b4 7. Na2 a5 8. Bxc4 e6
9. O-O Ba6 10. Bxa6 Nxa6 11. Qe2 Bd6 12. e4 Be7 13. Rd1 O-O 14. Bg5 h6 15. Bh4
Qb6 16. Nc1 Rfd8 17. Nb3 g5 18. Bg3 Nd7 19. Nfd2 c5 20. Nc4 Qa7 21. Nbxa5 Nab8
22. d5 Qa6 23. Rac1 Re8 24. Qc2 e5 25. Nb3 Bf8 26. f3 Qg6 27. Nbd2 h5 28. Nf1
g4 29. fxg4 hxg4 30. Nfe3 Bh6 31. Ra1 Bf4 32. Nf5 Kh7 33. Rf1 Bg5 34. Qe2 Bf6
35. Nfe3 Rg8 36. Rf5 Bh8 37. Nxg4 1-0

[Event "I Memorial Oliver Gonzalez Somoza"]
[Site "Madrid ESP"]
[Date "2010.10.15"]
[Round "7.14"]
[White "Anton Guijarro, David"]
[Black "Montañes Arribas, Adrian"]
[Result "1-0"]
[WhiteElo "2403"]
[BlackElo "2114"]
[PlyCount "65"]
[EventDate "2010.10.09"]
[EventType "swiss"]
[EventRounds "9"]
[EventCountry "ESP"]
[Source "lmi"]
[SourceDate "2010.10.09"]

1. c4 e6 2. Nf3 d5 3. e3 Nf6 4. Nc3 c5 5. cxd5 exd5 6. d4 Nc6 7. Bb5 Bd6 8. O-O
O-O 9. Bxc6 bxc6 10. dxc5 Bxc5 11. Qa4 Qd6 12. b3 Bb4 13. Bd2 c5 14. Nb5 Qb6
15. Bxb4 cxb4 16. Ne5 Ba6 17. Nd4 Bxf1 18. Rxf1 Rfe8 19. Nec6 a5 20. a3 bxa3
21. Qxa3 Kh8 22. h3 Rec8 23. Rc1 Nd7 24. Rc2 Nb8 25. Ne5 Na6 26. Nxf7+ Kg8 27.
Rxc8+ Rxc8 28. Nd6 Rc5 29. N6f5 Qb4 30. Qa1 Qc3 31. Qa4 h6 32. Qe8+ Kh7 33. Ne7
1-0

[Event "I Memorial Oliver Gonzalez Somoza"]
[Site "Madrid ESP"]
[Date "2010.10.15"]
[Round "7.15"]
[White "Rios Parra, Alejandro"]
[Black "Valles Moreno, Ivan"]
[Result "1-0"]
[WhiteElo "2299"]
[BlackElo "2403"]
[PlyCount "117"]
[EventDate "2010.10.09"]
[EventType "swiss"]
[EventRounds "9"]
[EventCountry "ESP"]
[Source "lmi"]
[SourceDate "2010.10.09"]

1. e4 e6 2. d4 d5 3. Nd2 a6 4. Ngf3 Nf6 5. Bd3 c5 6. c3 cxd4 7. cxd4 dxe4 8.
Nxe4 Be7 9. O-O Nc6 10. Bf4 Nb4 11. Nxf6+ gxf6 12. Be2 Bd7 13. Bg3 Bc6 14. a3
Nd5 15. Rc1 Qb6 16. Qd2 h5 17. Rfe1 Bf8 18. Qc2 Bh6 19. Rcd1 Rd8 20. Bc4 Kf8
21. b4 Bb5 22. Bxb5 Qxb5 23. Nh4 Qd7 24. Rd3 Rc8 25. Qd1 Bg5 26. f4 Bxf4 27.
Bxf4 Nxf4 28. Rg3 Rc4 29. Nf3 Qc7 30. Qd2 Rc2 31. Qe3 Nd5 32. Qe4 f5 33. Qh4
Qe7 34. Rg5 Qf6 35. Qg3 f4 36. Qh4 Rh6 37. Ne5 Ke7 38. Rf1 Kd6 39. g3 Kc7 40.
gxf4 Qe7 41. Nf3 f6 42. Rg8 Rh7 43. Qg3 Ne3 44. f5+ Kb6 45. Ne1 Nxf1 46. Kxf1
Rc7 47. Qf2 Kc6 48. Nd3 b6 49. b5+ axb5 50. fxe6 Kd5 51. Nf4+ Kd6 52. Qb2 Rc4
53. Qxb5 Rxd4 54. Qxb6+ Ke5 55. Ng6+ Ke4 56. Nxe7 Rxe7 57. Rg2 Rd1+ 58. Ke2 Rd4
59. Rg3 1-0

[Event "I Memorial Oliver Gonzalez Somoza"]
[Site "Madrid ESP"]
[Date "2010.10.15"]
[Round "7.16"]
[White "Candela Perez, Jose"]
[Black "Pascual Palomo, Lucia"]
[Result "1-0"]
[WhiteElo "2390"]
[BlackElo "2126"]
[PlyCount "71"]
[EventDate "2010.10.09"]
[EventType "swiss"]
[EventRounds "9"]
[EventCountry "ESP"]
[Source "lmi"]
[SourceDate "2010.10.09"]

1. e4 e6 2. d4 d5 3. Nd2 c5 4. exd5 Qxd5 5. Ngf3 cxd4 6. Bc4 Qd6 7. O-O Nf6 8.
Nb3 Nc6 9. Nbxd4 Nxd4 10. Nxd4 a6 11. a4 Qc7 12. b3 Bd7 13. Bb2 Bd6 14. h3 e5
15. Nf3 O-O-O 16. Qe2 Bc6 17. Nxe5 Rhe8 18. f4 g5 19. Rae1 gxf4 20. Bxf7 Re7
21. Bh5 Rg8 22. Bf3 Bxf3 23. Rxf3 Nd7 24. Rc3 Bc5+ 25. Rxc5 Qxc5+ 26. Qf2 Qa5
27. Nd3 Rxe1+ 28. Nxe1 Qf5 29. Kh1 Nc5 30. Qe2 Ne4 31. Qc4+ Kd7 32. Qxg8 Ng3+
33. Kh2 Qe4 34. Qg7+ Kc6 35. Qf6+ Kd7 36. Qd4+ 1-0

[Event "I Memorial Oliver Gonzalez Somoza"]
[Site "Madrid ESP"]
[Date "2010.10.15"]
[Round "7.17"]
[White "Suarez Uriel, Adrian"]
[Black "Taboas Rodriguez, Daniel"]
[Result "1-0"]
[WhiteElo "2180"]
[BlackElo "2381"]
[PlyCount "59"]
[EventDate "2010.10.09"]
[EventType "swiss"]
[EventRounds "9"]
[EventCountry "ESP"]
[Source "lmi"]
[SourceDate "2010.10.09"]

1. e4 e5 2. Nf3 Nc6 3. Bb5 Nge7 4. O-O g6 5. c3 Bg7 6. d4 O-O 7. d5 a6 8. Be2
Na7 9. c4 d6 10. Nc3 f5 11. Ng5 h6 12. Ne6 Bxe6 13. dxe6 Nac6 14. exf5 Nxf5 15.
Bd3 Ncd4 16. Qg4 Kh7 17. f4 c6 18. Be3 Qh4 19. Qxh4 Nxh4 20. Bxd4 exd4 21. Ne4
Nf5 22. Rf3 Rae8 23. g4 Ne3 24. f5 Be5 25. c5 gxf5 26. gxf5 Rg8+ 27. Kh1 Rg2
28. Rh3 Rxb2 29. f6 dxc5 30. Nd6+ 1-0

[Event "I Memorial Oliver Gonzalez Somoza"]
[Site "Madrid ESP"]
[Date "2010.10.15"]
[Round "7.18"]
[White "Cortes Jurado, Rafael"]
[Black "Gallardo Garcia, Andres"]
[Result "0-1"]
[WhiteElo "2083"]
[BlackElo "2373"]
[PlyCount "58"]
[EventDate "2010.10.09"]
[EventType "swiss"]
[EventRounds "9"]
[EventCountry "ESP"]
[Source "lmi"]
[SourceDate "2010.10.09"]

1. d4 Nf6 2. Nf3 e6 3. c4 Bb4+ 4. Nbd2 b6 5. g3 Bb7 6. Bg2 O-O 7. O-O Be7 8.
Qc2 c5 9. e4 d5 10. cxd5 exd5 11. e5 Nfd7 12. Re1 Nc6 13. dxc5 bxc5 14. Nb3 a5
15. Bf4 a4 16. Nbd2 g5 17. e6 fxe6 18. Ne5 gxf4 19. Nxc6 Bxc6 20. Rxe6 Bb7 21.
Rae1 fxg3 22. hxg3 Rf7 23. Nc4 Nf8 24. Ne5 Rf6 25. Rxf6 Bxf6 26. Qf5 Ra6 27.
Ng4 Bg7 28. Ne3 Rd6 29. Rd1 Bd4 0-1

[Event "I Memorial Oliver Gonzalez Somoza"]
[Site "Madrid ESP"]
[Date "2010.10.15"]
[Round "7.19"]
[White "Serrano Salvador, Eduardo"]
[Black "Nuñez Gutierrez, Juan Carlos"]
[Result "1-0"]
[WhiteElo "2352"]
[BlackElo "2079"]
[PlyCount "59"]
[EventDate "2010.10.09"]
[EventType "swiss"]
[EventRounds "9"]
[EventCountry "ESP"]
[Source "lmi"]
[SourceDate "2010.10.09"]

1. d4 Nf6 2. Nf3 e6 3. Bg5 b6 4. e3 Bb7 5. Bd3 h6 6. Bh4 c5 7. c3 Nc6 8. O-O d5
9. Ne5 Be7 10. Bb5 Qc7 11. Qa4 Rc8 12. Qxa7 Bd6 13. Bg3 Ne4 14. Nxc6 Bxc6 15.
Qxc7 Rxc7 16. Bxd6 Nxd6 17. Bxc6+ Rxc6 18. Nd2 c4 19. Rfe1 Kd7 20. e4 dxe4 21.
Nxe4 Nc8 22. a4 f5 23. Nd2 Nd6 24. Nf3 Rc7 25. Ne5+ Kc8 26. Rad1 Ra7 27. d5
exd5 28. Rxd5 Kc7 29. Red1 Rd8 30. Nxc4 1-0

[Event "I Memorial Oliver Gonzalez Somoza"]
[Site "Madrid ESP"]
[Date "2010.10.15"]
[Round "7.20"]
[White "Piasetski, Leon"]
[Black "Barajas Fernandez, Helios"]
[Result "1-0"]
[WhiteElo "2303"]
[BlackElo "1976"]
[PlyCount "73"]
[EventDate "2010.10.09"]
[EventType "swiss"]
[EventRounds "9"]
[EventCountry "ESP"]
[Source "lmi"]
[SourceDate "2010.10.09"]

1. Nf3 d5 2. g3 Nf6 3. Bg2 e6 4. O-O Be7 5. d4 O-O 6. c4 c5 7. cxd5 exd5 8. Nc3
Nc6 9. Be3 Ng4 10. Bf4 Be6 11. dxc5 Bxc5 12. Na4 Bd6 13. Qd2 Bxf4 14. Qxf4 Qf6
15. Rfd1 b6 16. Ng5 Qxf4 17. gxf4 Nf6 18. Nc3 Ne7 19. Nxe6 fxe6 20. Nb5 Rfc8
21. Rac1 Rc5 22. Nd4 Rac8 23. Rxc5 Rxc5 24. Bh3 Nc6 25. Bxe6+ Kf8 26. Nxc6 Rxc6
27. Bf5 g6 28. Bd3 Ne4 29. Kg2 Ke7 30. Kf3 Nc5 31. Bb5 Rd6 32. b4 Ne4 33. Rc1
Kd8 34. Ba6 Rd7 35. Rc8+ Ke7 36. Bb5 Nd2+ 37. Kg2 1-0

[Event "I Memorial Oliver Gonzalez Somoza"]
[Site "Madrid ESP"]
[Date "2010.10.15"]
[Round "7.21"]
[White "Cueto, Johnny"]
[Black "Hernandez Yañez, Javier"]
[Result "1/2-1/2"]
[WhiteElo "2301"]
[BlackElo "1955"]
[PlyCount "120"]
[EventDate "2010.10.09"]
[EventType "swiss"]
[EventRounds "9"]
[EventCountry "ESP"]
[Source "lmi"]
[SourceDate "2010.10.09"]

1. e4 e6 2. d4 d5 3. e5 c5 4. c3 Nc6 5. a3 Bd7 6. b4 cxd4 7. cxd4 Nge7 8. Nf3
Nf5 9. Bb2 a6 10. Bd3 Nh4 11. O-O Nxf3+ 12. Qxf3 Na7 13. Nc3 Nb5 14. Nxb5 Bxb5
15. Bxb5+ axb5 16. Qd3 Qd7 17. Rac1 Be7 18. f4 g6 19. Rc2 O-O 20. g4 Rac8 21.
Rxc8 Rxc8 22. f5 Qc6 23. f6 Bf8 24. Qe3 Qd7 25. h4 Rc2 26. Rf2 Qc6 27. Rd2 Qc4
28. Kf2 Rxd2+ 29. Qxd2 Qb3 30. Kg2 Qc4 31. Bc1 Qb3 32. Qe2 Qb1 33. Bb2 Bh6 34.
g5 Bf8 35. Bc3 Qc1 36. Bb2 Qf4 37. Qf2 Qg4+ 38. Kh2 Qe4 39. Bc1 Qd3 40. Kg2
Qe4+ 41. Kh2 Qd3 42. Bb2 Qe4 43. Bc3 Qd3 44. Qe1 Qf3 45. Qd2 Qe4 46. Kg3 Qb1
47. Qe3 Qc2 48. Be1 Qb2 49. Qd3 Qc1 50. Kf2 Qf4+ 51. Ke2 Qc1 52. Bd2 Qb2 53.
Kd1 Qa1+ 54. Bc1 Kh8 55. Kc2 Kg8 56. Bb2 Qe1 57. Qxb5 Qxh4 58. Qxb7 Qe4+ 59.
Kb3 Qd3+ 60. Bc3 Qb1+ 1/2-1/2

[Event "I Memorial Oliver Gonzalez Somoza"]
[Site "Madrid ESP"]
[Date "2010.10.15"]
[Round "7.23"]
[White "Estrada Martinez, Cesar"]
[Black "Rodrigo Yanguas, Maria"]
[Result "0-1"]
[WhiteElo "2211"]
[BlackElo "2095"]
[PlyCount "76"]
[EventDate "2010.10.09"]
[EventType "swiss"]
[EventRounds "9"]
[EventCountry "ESP"]
[Source "lmi"]
[SourceDate "2010.10.09"]

1. Nf3 d5 2. g3 Nc6 3. d4 Nf6 4. Bg2 Bg4 5. Nbd2 e6 6. O-O Bd6 7. c4 O-O 8. b3
a5 9. a3 Rb8 10. Bb2 b5 11. cxd5 Nxd5 12. Qc2 Na7 13. e4 Nb6 14. Rfc1 Rc8 15.
e5 Be7 16. Qe4 Bxf3 17. Qxf3 Nd5 18. Ne4 Rb8 19. Nc5 Nc8 20. Qd3 b4 21. a4 Ncb6
22. Be4 h6 23. Rc2 Re8 24. Rac1 Bf8 25. f4 f5 26. exf6 Nxf6 27. Na6 Nbd5 28.
Nxb8 Qxb8 29. Rc6 Bd6 30. Bg6 Re7 31. Qa6 Bxf4 32. gxf4 Nxf4 33. Rf1 Nxg6 34.
Rxe6 Qd8 35. Qe2 Qd5 36. Rxe7 Nxe7 37. Qxe7 Qg5+ 38. Kf2 Ng4+ 0-1